Central Library OPAC University of Rajshahi

Chemistry of insecticides and fungicides / (Record no. 79988)

MARC details
000 -LEADER
fixed length control field 00683nam a2200229 a 4500
001 - CONTROL NUMBER
control field 79988
003 - CONTROL NUMBER IDENTIFIER
rucl marc code BD-RjUL
005 - DATE AND TIME OF LATEST TRANSACTION
control field 20221128101604.0
008 - FIXED-LENGTH DATA ELEMENTS--GENERAL INFORMATION
fixed length control field 220619s2021 |||||||| |||| 00| 0 eng d
020 ## - INTERNATIONAL STANDARD BOOK NUMBER
International Standard Book Number 9789389832020
035 ## - SYSTEM CONTROL NUMBER
System control number (BD-RjUL)79988
040 ## - CATALOGING SOURCE
Original cataloging agency BD-RjUL
Language of cataloging eng
Transcribing agency BD-RjUL
041 ## - LANGUAGE CODE
Language code of text/sound track or separate title eng
082 ## - DEWEY DECIMAL CLASSIFICATION NUMBER
Edition number 23
Classification number 632.9517
Author mark and year RAC 2021
100 ## - MAIN ENTRY--PERSONAL NAME
Personal name Ramulu, Sree
9 (RLIN) 3713
245 ## - TITLE STATEMENT
Title Chemistry of insecticides and fungicides /
Statement of responsibility, etc. Sree Ramulu.
260 ## - PUBLICATION, DISTRIBUTION, ETC. (IMPRINT)
Place of publication, distribution, etc. Jodhpur, India, :
Name of publisher, distributor, etc. Scientific Publishers,
Date of publication, distribution, etc. 2021
300 ## - PHYSICAL DESCRIPTION
Pagination x, 277 pages :
Illustrations illustrations ;
Size 24 cm
650 ## - SUBJECT ADDED ENTRY--TOPICAL TERM
Topical term or geographic name as entry element Insecticides
General subdivision Composition
9 (RLIN) 3714
Topical term or geographic name as entry element Fungicides
General subdivision Composition
9 (RLIN) 3715
942 ## - ADDED ENTRY ELEMENTS (KOHA)
Source of classification or shelving scheme Dewey Decimal Classification
Koha item type Books
Holdings
Lost status Source of classification or shelving scheme Damaged status Not for loan Collection code Permanent Location Current Location Shelving location Date acquired Source of acquisition Cost, normal purchase price Total Checkouts Full call number Date last seen Copy number Koha item type
  Dewey Decimal Classification   Not For Loan Non-fiction Central Library, University of Rajshahi Central Library, University of Rajshahi Reading Room 10/05/2022 Dhaka: Book Finder 5641.30   632.9517 RAC 2021 19/06/2022 C-1 Books
  Dewey Decimal Classification     Non-fiction Central Library, University of Rajshahi Central Library, University of Rajshahi General Stacks 10/05/2022 Dhaka: Book Finder 5641.30   632.9517 RAC 2021 19/06/2022 C-2 Books